ბათუმის შოთა რუსთაველის სახელმწიფო უნივერსიტეტის ბიბლიოთეკა

საოჯახო სამართალი:(თეორია და პრაქტიკა) (ბიბ.ჩანაწერი № 40589)

000 -ლიდერი
ფიქსირებული სიგრძის საკონტროლო ველი 01241nam a2200253Ia 4500
001 - საკონტროლო ნომერი
საკონტროლო ველი 7214
003 - საკონტროლო ნომრის იდენტიფიკატორი
საკონტროლო ველი GE_BSU
005 - ბოლო ოპერაციის თარიღი და დრო
საკონტროლო ველი 20230310115907.0
008 - ფიქსირებული სიგრძის მონაცემთა ელემენტები - ზოგადი ინფორმაცია
ფიქსირებული სიგრძის საკონტროლო ველი 181216s2009ge xx |||||||||||||| ||geo||
020 ## - წიგნის საერთაშორისო სტანდარტული ნომერი
International Standard Book Number 978994110086.
040 ## - კატალოგიზაციის წყარო
Transcribing agency GE_BSU
041 ## - ენის კოდი
Language code of text/sound track or separate title geo
080 ## - უნივერსალური ათობითი კლასიფიკაციის ინდექსი
Universal Decimal Classification number 347.61/64(075.8) შ-48
100 ## - მთავარი ჩანაწერი - პიროვნების სახელი
Personal name შენგელია რომან.
9 (RLIN) 17161
245 ## - ცნობა სათაურის შესახებ
Title საოჯახო სამართალი:(თეორია და პრაქტიკა)
Remainder of title სახელმძღვ.სტუდ. /
Statement of responsibility, etc რომან შენგელია, ეკეტერინე შენგელია, რედ. ჯონი ხეცურიანი, ლადო ჭანტურია.
264 ## - წარმოების, გამოცემის, დისტრიბუციის და სხვა ცნობები
გამოცემის, წარმოების, დისტრიბუციის... ადგილი თბილისი :
გამოცემის, წარმოების, დისტრიბუციის... სახელწოდება მერიდიანი,
გამოცემის, წარმოების, დისტრიბუციის... თარიღი 2009.
300 ## - ფიზიკური აღწერა
Extent 528 გვ;
Other physical details 20 სმ.
501 ## - შენიშვნა თანმხლებ მასალაზე
With note დანართები:გვ412-527.
504 ## - BIBLIOGRAPHY, ETC. NOTE
Bibliography, etc ბიბლიოგრაფ.ტექსტ.შენიშნ.
653 ## - INDEX TERM--UNCONTROLLED
Uncontrolled term საოჯახო სამართალი.
700 ## - ADDED ENTRY--PERSONAL NAME
Personal name ხეცურიანი, ჯონი
Relator term რედაქტორი
9 (RLIN) 17162
700 ## - ADDED ENTRY--PERSONAL NAME
Personal name ჭანტურია, ლადო
Relator term რედაქტორი
9 (RLIN) 17163
942 ## - ADDED ENTRY ELEMENTS (KOHA)
Koha item type წიგნი
Source of classification or shelving scheme
ეგზემპლარები
ჩამოწერის სტატუსი დაკარგული ეგზემპლარის სტატუსი კლასიფიკაციის წყარო ან თაროზე გაწყობის სქემა დაზიანების სტატუსი არ გაიცემა მუდმივი მდებარეობა (დაცვის ადგილი) ამჟამინდელი ადგილსამყოფელი თაროზე განთავსების ადგილი შეძენის თარიღი ღირებულება, შესყიდვის ნორმალური ფასი სრული შენახვის შიფრი შტრიხკოდი ბოლო ოპერაციის თარიღი ეგზემპლარის მიმდევრობითი ნომერი (კეტერი?) ფასის ძალაში შესვლის თარიღი ეგზემპლარის სახეობა საჯარო შენიშვნა
          ბათუმის შოთა რუსთაველის სახელმწიფო უნივერსიტეტის მთავარი ბიბლიოთეკა ბათუმის შოთა რუსთაველის სახელმწიფო უნივერსიტეტის მთავარი ბიბლიოთეკა წიგნსაცავი 2018-12-17 7.00 347.61/64(075.8) შ-48 22831 2018-12-17 22831 2018-12-17 წიგნი 7.00
          ბათუმის შოთა რუსთაველის სახელმწიფო უნივერსიტეტის მთავარი ბიბლიოთეკა ბათუმის შოთა რუსთაველის სახელმწიფო უნივერსიტეტის მთავარი ბიბლიოთეკა წიგნსაცავი 2018-12-17 7.00 347.61/64(075.8) შ-48 22832 2018-12-17 22832 2018-12-17 წიგნი 7.00
          ბათუმის შოთა რუსთაველის სახელმწიფო უნივერსიტეტის მთავარი ბიბლიოთეკა ბათუმის შოთა რუსთაველის სახელმწიფო უნივერსიტეტის მთავარი ბიბლიოთეკა წიგნსაცავი 2018-12-17 7.00 347.61/64(075.8) შ-48 22833 2018-12-17 22833 2018-12-17 წიგნი 7.00
          ბათუმის შოთა რუსთაველის სახელმწიფო უნივერსიტეტის მთავარი ბიბლიოთეკა ბათუმის შოთა რუსთაველის სახელმწიფო უნივერსიტეტის მთავარი ბიბლიოთეკა წიგნსაცავი 2023-03-10 7.00 347.61/64(075.8) შ-48 64008 2023-03-10 64008 2023-03-10 წიგნი 7.00